00670nam a2200241 a 4500001001300000003000900013005001700022008004100039020001000080082001600090100002000106245002000126260003700146300000900183500003500192505001000227650002700237700002000264902000800284942000700292952011600299999001300415nice12345678IN_TiNIC20260116011337.0050524s1902 boma grp 000 0 per  ac10000a891.51bKIR aKirmani, Khwaja aMasnavi Kirmani aBombaybGulzar Hasni Pressc1902 a296p aincludes index and biblioraphy2 aIndex aPersian Poetry-Kirmani1 aKirmani, Khwaja bSRS cBK 001040708StackRoom-aHMIbHMId2007-06-01g100.00l0o891.51 KIRp04487r2007-06-01v100.00w2005-05-24yBK c687d687